Elizabeth Taylor Oscar Nominated Roles - Statistics

General Stats
  • This quiz has been taken 12 times
  • The average score is 3 of 5
Answer Stats
Release Year Movie % Correct
1967 Who's Afraid of Virginia Woolf?
80%
1961 Butterfield 8
70%
1958 Cat on a Hot Tin Roof
70%
1959 Suddenly, Last Summer
30%
1957 Raintree County
10%
No matching quizzes found
Score Distribution
Percent of People with Each Score
Percentile by Number Answered
Your Score History
You have not taken this quiz